000 00459nam a2200181Ia 4500
001 16588
003 IN-NITTTR
005 20251114233157.0
008 251113s9999||||xx |||||||||||||| ||eng||
040 _beng
040 _cIN-NITTTR
041 _aeng
082 _a371.91 S23S
100 _aSharma, P. L.
245 0 _aSource Book Training Teachers of Hearing Impaired. /
_cSharma, P. L., Jangira, N. K.
700 _a Jangira, N. K.
942 _2ddc
_cBK
999 _c19222
_d19222